000 00961nam a2200229Ia 4500
003 OSt
005 20200921160037.0
008 191128s1992 mx a gr 000 0 spa d
020 _a9684518668
040 _aCO-JMCR
_cCO-JMCR
041 _aspa
082 _aR /
_b658 B582b
100 1 _aEquipo de Consultores Editoriales de McGraw-Hill,
_ecompiladores
_910594
245 0 _aBiblioteca práctica de negocios :
_binformática /
_ccompilado por el equipo de consultores editoriales de McGraw-Hill ; revisión técnica José I. Gil Mendoza, Marcia González Osuna, Rafael Mirafuentes Magdaleno [y otros 4]
260 _aMéxico :
_bMcGraw-Hill,
_c©1992
300 _a241 páginas :
_bilustraciones a blanco y negro ;
_c 24 cm.
500 _aIncluye índice analítico
505 _aPanorama general -- Sistemas de información
546 _aTraducido del inglés
650 1 4 _aSistemas de computación Administración de empresas
_910607
942 _2ddc
_cBK
999 _c4485
_d4485